Statistics for Countries that have hosted WWE

Click here to take the quiz!

General Stats

  • This quiz has been taken 104 times
    (82 since last reset)
  • The average score is 34 of 55

Answer Stats

ContinentCountry% Correct
North AmericaUnited States of America
94%
North AmericaCanada
92%
AsiaJapan
92%
OceaniaAustralia
91%
South AmericaBrazil
91%
AsiaChina
91%
EuropeFrance
88%
EuropeGermany
88%
North AmericaMexico
88%
EuropeIreland
86%
Asia/ EuropeRussia
84%
EuropeUnited Kingdom
84%
EuropeItaly
81%
AfricaSouth Africa
80%
EuropeSpain
80%
AsiaIndia
78%
AsiaSouth Korea
73%
South AmericaChile
70%
AsiaSaudi Arabia
70%
Asia/ EuropeTurkey
70%
EuropeFinland
69%
OceaniaNew Zealand
69%
EuropePortugal
69%
EuropeSweden
69%
AsiaIraq
67%
EuropeBelgium
66%
Europethe Netherlands
64%
EuropeSwitzerland
63%
AfricaEgypt
61%
EuropePoland
61%
EuropeAustria
59%
AsiaAfghanistan
58%
South AmericaPeru
58%
AsiaUnited Arab Emirates
52%
North AmericaPanama
50%
EuropeHungary
48%
EuropeCzech Republic
47%
AsiaIsrael
47%
AsiaThailand
47%
North AmericaGuatemala
45%
EuropeSerbia
44%
North AmericaCosta Rica
42%
North AmericaHonduras
42%
EuropeRomania
42%
AsiaQatar
41%
AsiaBahrain
39%
AsiaKuwait
39%
AsiaMalaysia
39%
AsiaTaiwan
39%
South AmericaEcuador
38%
AsiaOman
36%
Asiathe Philippines
34%
North AmericaDominican Republic
33%
AsiaSingapore
33%
EuropeLuxembourg
28%

Score Distribution

Percentile by Number Answered

Percent of People with Each Score

Your Score History

You have not taken this quiz since the last reset